Statistics for The Vampire Diaries: Multiple Choice

Click here to take the quiz!

General Stats

  • This quiz has been taken 2,487 times
  • The average score is 13 of 15

Answer Stats

QuestionAnswer% Correct
What is the name of the restaurant in Mystic FallsMystic Grill
94%
Who turns Stefan and Damon into vampires?Katherine
93%
Who gave birth to Alaric and Jo's babies?Caroline
92%
Which character never comes back from the dead?Jenna
92%
Which Mikaelson was a supernatrual creature before they were a vampire?Klaus
90%
Who is the most deadly vampire when their humanity switch is off?Stefan
90%
Who was the first vampire Elena met?Damon
89%
Who sacrifices their life to kill Katherine in the last episode?Stefan
88%
Who is not a doppleganger?Meredith
86%
Who was in a magical coma linked to Bonnie Bennett?Elena
84%
Who was the ruler of hell?Cade
83%
Who is not from a founding family of Mystic FallsMatt Donovan
81%
Which original sibling wants to die in The Vampire Diaries?Finn
69%
Who most wants to take the cure of immortality?Amara
64%
Which two siphon twins manage to survive from the Gemini coven?Josie and Lizzie
60%

Score Distribution

Percentile by Number Answered

Percent of People with Each Score

Your Score History

You have not taken this quiz